बुलंद कर्दनकाळ (Record no. 168991)

MARC details
000 -LEADER
fixed length control field 00576nam a2200181Ia 4500
008 - FIXED-LENGTH DATA ELEMENTS--GENERAL INFORMATION
fixed length control field 090124s9999 xx 000 0 und d
082 ## - DEWEY DECIMAL CLASSIFICATION NUMBER
Item number 122905
100 ## - MAIN ENTRY--PERSONAL NAME
Personal name वाळिंबे शरदचंद्र
245 ## - TITLE STATEMENT
Title बुलंद कर्दनकाळ
250 ## - EDITION STATEMENT
Edition statement 1
260 ## - PUBLICATION, DISTRIBUTION, ETC. (IMPRINT)
Date of publication, distribution, etc 1988
300 ## - PHYSICAL DESCRIPTION
Extent 208
600 ## - SUBJECT ADDED ENTRY--PERSONAL NAME
Personal name वाळिंबे शरदचंद्र
630 ## - SUBJECT ADDED ENTRY--UNIFORM TITLE
Uniform title बुलंद कर्दनकाळ
700 ## - ADDED ENTRY--PERSONAL NAME
Personal name वाळिंबे शरदचंद्र
730 ## - ADDED ENTRY--UNIFORM TITLE
Uniform title बुलंद कर्दनकाळ
942 ## - ADDED ENTRY ELEMENTS (KOHA)
Koha item type Book
Holdings
Withdrawn status Lost status Damaged status Not for loan Home library Current library Date acquired Cost, normal purchase price Total Checkouts Full call number Barcode Date last seen Cost, replacement price Price effective from Koha item type
        Marathi Granth Sangrahalaya,Thane Marathi Granth Sangrahalaya,Thane   60.00   122905 THNMGS-122905 01/24/2009 60.00 01/24/2009 Book